Dollarwise guide to England (Record no. 24725)

MARC details
000 -LEADER
fixed length control field 00310nam a2200121Ia 4500
082 ## - DEWEY DECIMAL CLASSIFICATION NUMBER
Classification number 910.4(410.1)
Item number HAG
100 ## - MAIN ENTRY--AUTHOR NAME
Personal name Haggart, Stanley
245 #0 - TITLE STATEMENT
Title Dollarwise guide to England
260 ## - PUBLICATION, DISTRIBUTION, ETC. (IMPRINT)
Place of publication New York
Name of publisher Frommer
Year of publication 1969
700 ## - ADDED ENTRY--PERSONAL NAME
Personal name Porter, Darwin
942 ## - ADDED ENTRY ELEMENTS (KOHA)
Koha item type Books
Holdings
Withdrawn status Lost status Damaged status Not for loan Home library Current library Date acquired Cost, normal purchase price Full call number Accession Number Koha item type
        RRII Library RRII Library 16/12/2021 33.40 910.4(410.1) HAG 05397 Books